| 000 | 00970cam a2200277 a 4500 | ||
|---|---|---|---|
| 001 | 4399036 | ||
| 005 | 20180314085403.0 | ||
| 008 | 940411s1993 ohua bc 001 0 eng d | ||
| 010 | _a 92073973 | ||
| 020 | _a0931537150 | ||
| 035 | _a(OCoLC)27319119 | ||
| 040 |
_aKyU _cKyU _dTxU _dDLC |
||
| 041 | _aeng | ||
| 042 | _alccopycat | ||
| 043 | _an-us-oh | ||
| 080 | _a769.07477178 SPA | ||
| 082 | 0 | 0 |
_a769.07477178 SPA _220 |
| 100 | _a44 | ||
| 101 | _aART | ||
| 245 | 0 | 0 |
_aSix centuries of master prints : _cedited by Kristin L. Spangenberg ; with essays by David P. Becker ... [et al.]. |
| 504 | _a"H.G. French bibliography": p. 330. | ||
| 504 | _aIncludes bibliographical references (p. 331-338) and index. | ||
| 906 |
_a7 _bcbc _ccopycat _d2 _eopcn _f19 _gy-gencatlg |
||
| 942 |
_2ddc _cBK |
||
| 999 |
_c45027 _d45027 |
||